| 000 | 00760nam a22002297a 4500 | ||
|---|---|---|---|
| 005 | 20130715114630.0 | ||
| 010 | _aENG-104503 | ||
| 020 |
_a9789380633053 _c900.00 |
||
| 035 | _aEN-88036 | ||
| 035 | _aB-492215 | ||
| 037 | _bDBAD/PUB | ||
| 037 |
_bBlue Berry/Ven _adpl |
||
| 082 | _a331.31 | ||
| 100 | _aSingh, A.K. | ||
| 245 | 0 | 0 |
_aChild labour and their rights / _cby A.K.Singh |
| 260 |
_aDelhi _bSaad Publications _c2012 |
||
| 270 |
_a526,Vijay Park, Street No. 5, Maujpur _bDelhi _e110053 |
||
| 300 |
_a296p. _c22cm (Hb) |
||
| 500 | _aIncludes bibliographical references and index | ||
| 942 |
_2ddc _cEN _mSIN _h331.31 |
||
| 999 |
_c59972 _d59972 |
||